| 000 | 00993nam0a22002651 4500 | ||
|---|---|---|---|
| 001 | rc\2361050 | ||
| 005 | 20260407105426.0 | ||
| 035 | _a(NLR Aleph) 006595425 | ||
| 090 |
_a7191141 _c7191141 |
||
| 100 | _a20110829d1977 |||y0rusy50 ca | ||
| 101 | 0 | _arus | |
| 102 | _aRU | ||
| 105 | _ay z ||||| | ||
| 200 | 1 |
_aФункции множеств _e[Сборник] _fКоми респ. ин-т усоверш. учителей. Коми гос. пед. ин-т. Каф. мат. анализа |
|
| 210 |
_aСыктывкар _cБ. и. _d1977 |
||
| 215 |
_a73 с. _d20 |
||
| 320 | _aБиблиогр. в конце статей | ||
| 712 | 0 | 2 |
_aКоми республиканский институт усовершенствования учителей _cСыктывкар _9368883 _3RU\NLR\AUTH\889937053 |
| 801 | 0 |
_aRU _bNLR _gpsbo |
|
| 801 | 1 |
_aRU _bELAR _2rusmarc |
|
| 852 |
_aNLR _j78-4/13743 |
||
| 899 |
_aRuMoRGB _jB 81-3/335 |
||
| 899 |
_aRuMoRGB _jФ 1-81/7501 |
||
| 942 | _cBOOK | ||
| 980 | _aNB | ||